| 000 | 00500nam a2200169 i 4500 | ||
|---|---|---|---|
| 001 | 22534 | ||
| 003 | ES-MaACL | ||
| 005 | 20230906152719.0 | ||
| 007 | t| | ||
| 008 | 021203s1939 sp ||||1| spa d | ||
| 100 | 1 |
_aAlonso Getino, Luis G. _920331 |
|
| 245 | 1 | 0 |
_aSanto Domingo de Guzmán / _cLuis G. Alonso Getino. |
| 260 |
_aMadrid : _b[s.n., _c1939] ( _fGráf. Informaciones) |
||
| 300 |
_a221 p. ; _c18 cm. |
||
| 600 | 0 | 4 |
_aDomingo de Guzmán _cSanto. _945135 |
| 852 |
_aES-MaACL _jA-4910 _bR.17008 |
||
| 999 |
_c22534 _d22534 |
||